[Event "Gibraltar Masters"]
[Site "Gibraltar"]
[Date "2011.01.25"]
[Round "1.24"]
[White "Andersson, Ulf"]
[Black "Zaremba, Andrie"]
[Result "1-0"]
[WhiteElo "2579"]
[BlackElo "2339"]
[PlyCount "81"]
[EventDate "2011.01.25"]
[EventRounds "10"]
[EventCountry "ENG"]

1. Nf3 d5 2. d4 Nf6 3. c4 c6 4. cxd5 cxd5 5. Nc3 Nc6 6. Bf4 e6 7. e3 Bd6 8. Bg3
O-O 9. Bd3 a6 10. Rc1 Qe7 11. Ne5 Bxe5 12. dxe5 Nd7 13. f4 f6 14. exf6 Nxf6 15.
O-O Kh8 16. e4 d4 17. e5 dxc3 18. exf6 Qxf6 19. Rxc3 Ne7 20. Be4 Nd5 21. Bxd5
exd5 22. Bf2 Bf5 23. Bd4 Qe6 24. Be5 Rf7 25. Qd4 h6 26. Rfc1 Kh7 27. h3 Be4 28.
Kh2 g5 29. Rc7 Raf8 30. Qb4 Kg8 31. Qxb7 gxf4 32. Rxf7 Rxf7 33. Rc8+ Kh7 34.
Qb8 Bxg2 35. Kxg2 Qg6+ 36. Kf1 Qd3+ 37. Ke1 Kg6 38. Rc3 Qe4+ 39. Kf2 Kf5 40.
Bxf4 d4 41. Rf3 1-0

[Event "Gibraltar Masters"]
[Site "Gibraltar"]
[Date "2011.01.25"]
[Round "1.28"]
[White "Fier, Alexandr"]
[Black "Weber, Tom"]
[Result "0-1"]
[WhiteElo "2571"]
[BlackElo "2310"]
[PlyCount "82"]
[EventDate "2011.01.25"]
[EventRounds "10"]
[EventCountry "ENG"]

1. e4 e5 2. Nf3 Nc6 3. Bb5 a6 4. Ba4 d6 5. O-O Nge7 6. d4 Bd7 7. dxe5 dxe5 8.
Bb3 h6 9. Qe2 Ng6 10. Rd1 Bd6 11. Na3 b5 12. c4 Na5 13. Be3 Rb8 14. c5 Be7 15.
Bc2 Qc8 16. b4 Nc6 17. Bb3 Nxb4 18. Qd2 a5 19. Qxd7+ Qxd7 20. Rxd7 Kxd7 21.
Bxf7 Nf8 22. Nxe5+ Kc8 23. Rb1 Bf6 24. Ng4 c6 25. e5 Be7 26. f4 Nd7 27. Be6 Kc7
28. Bxd7 Kxd7 29. f5 Rhf8 30. e6+ Ke8 31. Rf1 Rd8 32. Ne5 Rd5 33. Nf7 Rd3 34.
Nd6+ Bxd6 35. cxd6 Rxe3 36. Nxb5 cxb5 37. Rc1 Kd8 38. g4 Rf6 39. Rc5 Rexe6 40.
fxe6 Rxe6 41. Rxb5 Nc6 0-1

[Event "Gibraltar Masters"]
[Site "Gibraltar"]
[Date "2011.01.25"]
[Round "1.111"]
[White "Illner, Achim Dr"]
[Black "Sommerhalder, Eric"]
[Result "1-0"]
[WhiteElo "2345"]
[BlackElo "2000"]
[PlyCount "69"]
[EventDate "2011.01.25"]
[EventRounds "10"]
[EventCountry "ENG"]

1. d4 d5 2. Nf3 Nf6 3. c4 c6 4. Qc2 e6 5. g3 Nbd7 6. Bg2 Bb4+ 7. Bd2 Bd6 8. O-O
O-O 9. Rd1 Qe7 10. Bf4 e5 11. dxe5 Nxe5 12. cxd5 Nxf3+ 13. Bxf3 Bxf4 14. gxf4
Nxd5 15. Bxd5 cxd5 16. Nc3 Bg4 17. Rxd5 Rfe8 18. Rg5 f5 19. Nd5 Qf7 20. Qc3
Rac8 21. Qd4 Red8 22. e4 h6 23. Rxg4 fxg4 24. Rd1 Kh8 25. f5 Rc2 26. Rd3 h5 27.
h3 Rc1+ 28. Kg2 Rd7 29. Qxa7 gxh3+ 30. Rxh3 Rxd5 31. exd5 Qxd5+ 32. Rf3 Rc4 33.
Qe3 Rg4+ 34. Kh2 Qd1 35. Qe8+ 1-0